|
|
|
|
| LEADER |
00708cam a2200217 7i4500 |
| 001 |
0000006521 |
| 005 |
20200518090000.0 |
| 020 |
|
|
|a 0754806650
|
| 090 |
0 |
0 |
|a RA776.75
|b .A44 2001
|
| 100 |
1 |
|
|a Amerena, Jennifer
|
| 245 |
1 |
0 |
|a Aging naturally :
|b how to slow down the aging process and boost your vitality
|c Jennifer Amerena ; photography by Liz McAulay and Michelle Garrett.
|
| 260 |
|
|
|a London:
|b Lorenz Books,
|c 2001.
|
| 300 |
|
|
|a 96 p.:
|b ill.;
|c 31 cm.
|
| 500 |
|
|
|a Includes index
|
| 650 |
0 |
0 |
|a Longevity
|
| 650 |
0 |
0 |
|a Naturopathy
|
| 650 |
0 |
0 |
|a Aging
|
| 650 |
0 |
0 |
|a Health
|
| 700 |
1 |
|
|a Garrett, Michelle
|
| 997 |
|
|
|a Health Sciences, Faculty
|
| 999 |
|
|
|a 0000010363
|b BOK
|c OPEN SHELF
|e 1st Floor, Shah Alam
|